[Event "FRA-chT Top 12 2019"]
[Site "Brest"]
[Date "2019.05.25"]
[Round "8.3"]
[White "Bauer, Christian"]
[Black "Oparin, Grigoriy"]
[Result "1/2-1/2"]
[WhiteElo "2643"]
[BlackElo "2624"]
[Annotator "TA"]
[PlyCount "116"]
[EventDate "2019.05.18"]
[EventType "team-tourn"]
[EventCountry "FRA"]
[SourceTitle "playchess.com"]
[Source "ChessBase"]
[SourceQuality "1"]

{[%evp 27,116,8,20,-3,0,-5,-3,-19,0,-3,-17,-19,15,0,0,-28,-29,-37,-43,-24,-27,-68,-69,-90,-23,-39,0,0,0,0,0,0,-13,0,-6,-35,-35,-35,-29,-40,-37,-31,-2,-4,-11,0,-7,-16,0,-23,-23,-17,-20,-20,-20,-20,-21,-22,-16,-14,-12,-12,-3,-3,-3,-3,-2,-5,-8,-9,0,-8,0,0,0,0,0,0,0,0,0,0,0,0,0,0,0,0,0,0,0]} 1. e4 e5 2. Nf3 Nc6 3. Bb5 a6 4. Ba4 Nf6 5. O-O Be7 6. d3 d6 7. c3 O-O 8. Re1 Re8 9. h3 b5 10. Bb3 Na5 11. Bc2 c5 12. Nbd2 Nc6 13. Nf1 h6 14. Ng3 Be6 15. Bd2 {C90: Closed Ruy Lopez with 7...d6: Early deviations} (15. d4 exd4 16. cxd4 cxd4 17. Nxd4 Nxd4 18. Qxd4 Rc8 19. Bb3 d5 20. exd5 Nxd5 21. Ne4 Qd7 22. Bd2 Qb7 {0-1 (67) Predke,A (2622)-Matlakov,M (2700) St Petersburg 2018}) 15... Bf8 16. a4 Qd7 $146 ({Predecessor:} 16... d5 17. axb5 axb5 18. Rxa8 Qxa8 {1-0 (32) Bogdanovich,S (2581)-Sanal,V (2487) Moscow 2015}) 17. Qe2 b4 18. a5 b3 19. Bd1 c4 20. dxc4 Qc7 $1 21. Bxb3 Reb8 22. Bc2 {[#] Threatens to win with b4.} Rxb2 23. Bc1 Rb7 24. c5 dxc5 25. Nh4 g6 (25... Nxa5 $17 26. Nhf5 Nb3 27. Bxb3 Rxb3) 26. Qf3 $11 Bg7 {[#]} 27. Bxh6 $1 {[%mdl 512]} Bxh6 28. Qxf6 {Black must now prevent Ngf5!} Qd8 29. Qxd8+ Rxd8 30. Nf3 Rb2 31. Bd1 c4 32. Re2 Rb5 33. Ba4 Rxa5 {...Nd4! is the strong threat.} 34. Rea2 Nb8 35. Bc2 Rxa2 36. Rxa2 f6 37. h4 Kf7 38. Ra5 Rd6 39. h5 gxh5 {The position is equal.} 40. Nf5 Bxf5 $1 41. exf5 Ke7 42. Kf1 Nd7 43. Ra4 Rc6 44. Be4 Rb6 45. Rxc4 Kd6 46. Ne1 Nc5 47. Nd3 Nxe4 48. Rxe4 {[%mdl 4096] Endgame KRB-KRN} Bd2 49. c4 Rb1+ 50. Ke2 Bb4 51. f4 {[%cal Rf4e5]} Bc3 52. fxe5+ Bxe5 53. Nxe5 fxe5 {KR-KR} 54. Rh4 Rb2+ 55. Kf3 Rb3+ 56. Ke4 Rc3 57. Rxh5 {Hoping for Rh6+.} Rxc4+ 58. Ke3 Rg4 {Accuracy: White = 67%, Black = 70%.} 1/2-1/2

[Event "FRA-chT Top 12 2019"]
[Site "Brest"]
[Date "2019.05.25"]
[Round "8.3"]
[White "Balogh, Csaba"]
[Black "Cossin, Sebastien"]
[Result "1-0"]
[WhiteElo "2598"]
[BlackElo "2494"]
[Annotator "ChessBase"]
[PlyCount "105"]
[EventDate "2019.05.18"]
[EventType "team-tourn"]
[EventCountry "FRA"]
[SourceTitle "playchess.com"]
[Source "ChessBase"]
[SourceQuality "1"]
[TimeControl "40/5400+30:1800+30"]

1. e4 {[%emt 0:00:00]} c5 {[%emt 0:00:00]} 2. Nf3 {[%emt 0:00:14]} e6 {[%emt 0:00:00]} 3. d4 {[%emt 0:04:49]} cxd4 {[%emt 0:00:00]} 4. Nxd4 {[%emt 0:00:04]} a6 {[%emt 0:00:07]} 5. Bd3 {[%emt 0:00:30]} Bc5 {[%emt 0:00:35]} 6. Nb3 {[%emt 0:00:07]} Ba7 {[%emt 0:00:09]} 7. O-O {[%emt 0:07:17]} Nc6 {[%emt 0:00:29]} 8. c4 {[%emt 0:01:26]} d6 {[%emt 0:01:15]} 9. Nc3 {[%emt 0:01:26]} Nf6 {[%emt 0:01:35]} 10. Qe2 {[%emt 0:02:46]} O-O {[%emt 0:00:38]} 11. Be3 {[%emt 0:00:16]} Bxe3 {[%emt 0:08:28]} 12. Qxe3 {[%emt 0:02:25]} e5 {[%emt 0:03:16]} 13. Rfd1 {[%emt 0:01:31]} Be6 {[%emt 0:05:43]} 14. Rd2 {[%emt 0:04:57]} Qb8 {[%emt 0:06:01]} 15. Rad1 {[%emt 0:09:16]} Rd8 {[%emt 0:06:20]} 16. Bf1 {[%emt 0:12:32]} h6 {[%emt 0:16:41]} 17. h3 {[%emt 0:00:57]} b5 {[%emt 0:08:36]} 18. Nd5 {[%emt 0:03:19]} Bxd5 {[%emt 0:05:01]} 19. cxd5 {[%emt 0:02:00]} Ne7 {[%emt 0:00:06]} 20. Rc2 {[%emt 0:01:09]} a5 {[%emt 0:01:21]} 21. Rdc1 {[%emt 0:01:50]} Rd7 {[%emt 0:02:44]} 22. Nd2 {[%emt 0:02:47]} Rb7 {[%emt 0:01:20]} 23. b3 {[%emt 0:07:47]} b4 {[%emt 0:02:17]} 24. Nc4 {[%emt 0:08:49]} a4 {[%emt 0:00:52]} 25. g3 {[%emt 0:02:20]} axb3 {[%emt 0:02:19]} 26. axb3 {[%emt 0:00:06]} Qd8 {[%emt 0:05:56]} 27. Kh2 {[%emt 0:02:22]} Ng6 {[%emt 0:02:50]} 28. Nb2 {[%emt 0:05:12]} Kh7 {[%emt 0:02:57]} 29. Na4 {[%emt 0:00:22]} h5 {[%emt 0:04:40]} 30. Qf3 {[%emt 0:00:52]} h4 {[%emt 0:00:41]} 31. Qf5 {[%emt 0:02:10]} Ng8 {[%emt 0:05:17]} 32. Rc8 {[%emt 0:03:48]} Rxc8 {[%emt 0:00:05]} 33. Rxc8 {[%emt 0:00:05]} Qe7 {[%emt 0:01:09]} 34. Rc6 {[%emt 0:05:05]} Nh6 {[%emt 0:00:49]} 35. Qf3 {[%emt 0:00:07]} Qd8 {[%emt 0:02:14]} 36. Qe3 {[%emt 0:03:37]} Ne7 {[%emt 0:00:46]} 37. Rb6 {[%emt 0:00:33]} Rc7 {[%emt 0:00:37]} 38. g4 {[%emt 0:01:54]} g6 {[%emt 0:03:20]} 39. Qg5 {[%emt 0:01:45]} Rc2 {[%emt 0:01:34]} 40. Qf6 {[%emt 0:00:50]} Qc7 {[%emt 0:00:41]} 41. Kg1 {[%emt 0:12:50]} Ra2 {[%emt 0:06:55]} 42. g5 {[%emt 0:05:11]} Nhg8 {[%emt 0:16:05]} 43. Qxf7+ {[%emt 0:02:37]} Kh8 {[%emt 0:00:04]} 44. Rc6 {[%emt 0:00:19]} Qb8 {[%emt 0:04:13]} 45. Rc1 {[%emt 0:01:29]} Qa7 {[%emt 0:00:27]} 46. Qf3 {[%emt 0:02:02]} Qd4 {[%emt 0:02:17]} 47. Qe3 {[%emt 0:01:24]} Qxe3 {[%emt 0:00:58]} 48. fxe3 {[%emt 0:00:04]} Ra3 {[%emt 0:00:14]} 49. Bc4 {[%emt 0:00:20]} Nc8 {[%emt 0:00:12]} 50. Rc2 {[%emt 0:02:50]} Kg7 {[%emt 0:00:09]} 51. Kf2 {[%emt 0:00:20]} Ra1 {[%emt 0:01:38]} 52. Be2 {[%emt 0:01:15]} Nce7 {[%emt 0:00:14]} 53. Rc4 {[%emt 0:01:24]} 1-0

[Event "FRA-chT Top 12 2019"]
[Site "Brest"]
[Date "2019.05.25"]
[Round "8.3"]
[White "Cornette, Deimante"]
[Black "Smith, Axel"]
[Result "1-0"]
[WhiteElo "2433"]
[BlackElo "2481"]
[Annotator "ChessBase"]
[PlyCount "49"]
[EventDate "2019.05.18"]
[EventType "team-tourn"]
[EventCountry "FRA"]
[SourceTitle "playchess.com"]
[Source "ChessBase"]
[SourceQuality "1"]
[TimeControl "40/5400+30:1800+30"]

1. e4 {[%emt 0:00:00]} e5 {[%emt 0:00:00]} 2. Nf3 {[%emt 0:00:00]} Nc6 {[%emt 0:00:00]} 3. Nc3 {[%emt 0:00:00]} Nf6 {[%emt 0:00:00]} 4. Bb5 {[%emt 0:00:06]} Bc5 {[%emt 0:00:00]} 5. O-O {[%emt 0:00:19]} O-O {[%emt 0:00:00]} 6. Nxe5 {[%emt 0:00:23]} Nxe5 {[%emt 0:00:00]} 7. d4 {[%emt 0:00:12]} Bd6 {[%emt 0:00:56]} 8. dxe5 {[%emt 0:00:09]} Bxe5 {[%emt 0:00:08]} 9. Bd3 {[%emt 0:00:07]} Re8 {[%emt 0:01:20]} 10. Bg5 {[%emt 0:00:44]} c6 11. Kh1 Qa5 12. f4 Bxc3 13. e5 Bxe5 14. fxe5 Rxe5 15. Bxf6 gxf6 16. Qg4+ Rg5 {[%emt 1:25:09]} 17. Qh4 h5 18. Rxf6 {[%emt 0:42:22]} Qe5 19. Qf2 d6 {[%emt 0:09:37]} 20. Rxf7 Be6 21. Rf1 Bd5 22. Rf8+ Kg7 23. Qf7+ Bxf7 24. R1xf7+ Kh6 25. Rh7# 1-0

[Event "FRA-chT Top 12 2019"]
[Site "Brest"]
[Date "2019.05.25"]
[Round "8.3"]
[White "Brunner, Nicolas"]
[Black "Karthikeyan, Murali"]
[Result "0-1"]
[WhiteElo "2422"]
[BlackElo "2596"]
[Annotator "ChessBase"]
[PlyCount "80"]
[EventDate "2019.05.18"]
[EventType "team-tourn"]
[EventCountry "FRA"]
[SourceTitle "playchess.com"]
[Source "ChessBase"]
[SourceQuality "1"]
[TimeControl "40/5400+30:1800+30"]

1. d4 Nf6 2. c4 g6 3. Nc3 Bg7 4. e4 d6 5. Nf3 O-O 6. Be2 Nbd7 7. O-O e5 8. Be3 c6 9. d5 c5 10. Ne1 Ne8 11. g4 f5 12. gxf5 gxf5 13. exf5 Nb6 14. Kh1 Bxf5 15. Rg1 e4 16. Qd2 Kh8 17. Ng2 Be5 18. Bg5 Qd7 19. Ne3 Nf6 20. Nxf5 Qxf5 21. Rg2 Rg8 22. Rag1 Nbd7 23. Bd1 Rg6 24. Bc2 Rag8 25. Qe3 Bd4 26. Qd2 Ne5 27. Bxf6+ Qxf6 28. Rxg6 Rxg6 29. Rxg6 hxg6 30. Bxe4 Ng4 31. Nd1 Bxf2 32. Qc3 Bd4 33. Qf3 Qg5 34. Qf8+ Kh7 35. Qxd6 Ne5 36. Bg2 Qh4 37. Qf8 Ng4 38. Qf7+ Bg7 39. Qf4 Qe1+ 40. Qf1 Qxd1 0-1

[Event "FRA-chT Top 12 2019"]
[Site "Brest"]
[Date "2019.05.25"]
[Round "8.3"]
[White "Charmeteau, Sven"]
[Black "Hera, Imre Jr."]
[Result "0-1"]
[WhiteElo "2292"]
[BlackElo "2611"]
[Annotator "ChessBase"]
[PlyCount "50"]
[EventDate "2019.05.18"]
[EventType "team-tourn"]
[EventCountry "FRA"]
[SourceTitle "playchess.com"]
[Source "ChessBase"]
[SourceQuality "1"]
[TimeControl "40/5400+30:1800+30"]

1. e4 {[%emt 0:00:00]} c6 {[%emt 0:00:04]} 2. d4 {[%emt 0:00:00]} d5 {[%emt 0:00:13]} 3. Nd2 {[%emt 0:00:00]} dxe4 {[%emt 0:00:15]} 4. Nxe4 {[%emt 0:00:00]} Nf6 {[%emt 0:00:05]} 5. Nxf6+ {[%emt 0:00:07]} exf6 {[%emt 0:00:02]} 6. c3 {[%emt 0:00:17]} Bd6 {[%emt 0:00:04]} 7. Bd3 {[%emt 0:00:14]} O-O {[%emt 0:00:06]} 8. Ne2 {[%emt 0:00:27]} Re8 {[%emt 0:00:20]} 9. Qc2 {[%emt 0:01:31]} h5 {[%emt 0:00:05]} 10. Be3 {[%emt 0:10:13]} Nd7 {[%emt 0:03:14]} 11. Ng3 {[%emt 0:05:50]} Nb6 {[%emt 0:16:01]} 12. c4 {[%emt 0:16:59]} Bf4 {[%emt 0:20:40]} 13. O-O-O {[%emt 0:01:43]} Bxe3+ {[%emt 0:00:06]} 14. fxe3 {[%emt 0:00:06]} h4 {[%emt 0:02:28]} 15. Nf5 {[%emt 0:20:13]} Bxf5 {[%emt 0:01:21]} 16. Bxf5 {[%emt 0:00:05]} Rxe3 {[%emt 0:03:11]} 17. Bh7+ {[%emt 0:11:32]} Kf8 {[%emt 0:04:38]} 18. Qf2 {[%emt 0:00:15]} Nxc4 {[%emt 0:03:07]} 19. b3 {[%emt 0:04:29]} Rc3+ {[%emt 0:09:52]} 20. Kb1 {[%emt 0:00:16]} Ne3 {[%emt 0:00:31]} 21. Kb2 {[%emt 0:04:42]} Nxd1+ {[%emt 0:02:15]} 22. Rxd1 {[%emt 0:00:02]} Rc5 {[%emt 0:02:09]} 23. Qxh4 {[%emt 0:00:45]} f5 {[%emt 0:05:02]} 24. Qh3 {[%emt 0:08:58]} Qf6 {[%emt 0:00:42]} 25. Bg6 {[%emt 0:01:56]} Rd8 {[%emt 0:01:13]} 0-1

[Event "FRA-chT Top 12 2019"]
[Site "Brest"]
[Date "2019.05.25"]
[Round "8.4"]
[White "Movsesian, Sergei"]
[Black "Wagner, Dennis"]
[Result "0-1"]
[WhiteElo "2645"]
[BlackElo "2578"]
[Annotator "RC"]
[PlyCount "112"]
[EventDate "2019.05.18"]
[EventType "team-tourn"]
[EventCountry "FRA"]
[SourceTitle "playchess.com"]
[Source "ChessBase"]
[SourceQuality "1"]
[TimeControl "40/5400+30:1800+30"]

1. e4 {[%emt 0:00:00]} e5 {[%emt 0:00:00]} 2. Nf3 {[%emt 0:00:00]} Nc6 {[%emt 0:00:00]} 3. Bc4 {[%emt 0:00:00]} Bc5 {[%emt 0:00:00]} 4. O-O {[%emt 0:00:23]} Nf6 {[%emt 0:00:02]} 5. d3 {[%emt 0:00:08]} a6 {[%emt 0:01:20]} 6. c3 {[%emt 0:05:57]} d6 {[%emt 0:00:08]} 7. a4 {[%emt 0:01:28]} h6 {[%emt 0:02:00]} 8. Nbd2 {[%emt 0:03:49]} O-O {[%emt 0:01:01]} 9. Re1 {[%emt 0:06:39]} Ne7 {[%emt 0:00:11]} 10. Nf1 {[%emt 0:02:58]} Ng6 {[%emt 0:00:33]} 11. Ng3 {[%emt 0:01:24]} c6 {[%emt 0:00:34]} 12. Bb3 {[%emt 0:07:13]} Bg4 {[%emt 0:04:12]} 13. h3 {[%emt 0:10:11]} Qb6 {[%emt 0:01:43]} 14. Be3 {[%emt 0:00:47]} Bxf3 {[%emt 0:03:04]} 15. gxf3 {[%emt 0:01:54]} Bxe3 {[%emt 0:01:06]} 16. fxe3 {[%emt 0:00:37]} a5 {[%emt 0:03:42]} 17. Nf5 {[%emt 0:17:48]} d5 {[%emt 0:03:50]} 18. Kh2 {[%emt 0:01:36]} Rad8 {[%emt 0:11:15]} 19. Rg1 {[%emt 0:04:46]} Kh8 {[%emt 0:00:05]} 20. Qc2 {[%emt 0:00:40]} Rd7 {[%emt 0:01:41]} 21. Rg2 {[%emt 0:01:46]} Ne7 {[%emt 0:09:23]} 22. Nxe7 {[%emt 0:02:00]} Rxe7 {[%emt 0:00:10]} 23. Re1 {[%emt 0:00:23]} Nh5 {[%emt 0:00:00]} 24. Ba2 {[%emt 0:04:31]} f5 {[%emt 0:23:34]} 25. Qf2 {[%emt 0:05:55]} fxe4 {[%emt 0:09:05]} 26. Qh4 {[%emt 0:00:36]} Nf6 {[%emt 0:00:12]} 27. fxe4 {[%emt 0:00:26]} dxe4 {[%emt 0:04:35]} 28. dxe4 {[%emt 0:00:19]} Qd8 {[%emt 0:01:13]} 29. Reg1 {[%emt 0:04:32]} Rd7 {[%emt 0:10:13]} 30. Be6 {[%emt 0:06:58]} Rd2 {[%emt 0:00:07]} 31. Bf5 {[%emt 0:00:16]} Rxg2+ {[%emt 0:00:33]} 32. Rxg2 {[%emt 0:00:09]} Qe7 {[%emt 0:00:14]} 33. Qg3 {[%emt 0:04:56]} Rd8 {[%emt 0:02:25]} 34. Qg6 {[%emt 0:01:38]} Rd3 {[%emt 0:00:40]} 35. Qg3 {[%emt 0:00:33]} Rd6 {[%emt 0:01:34]} 36. Qg6 {[%emt 0:01:23]} Rd3 {[%emt 0:00:14]} 37. Qg3 {[%emt 0:00:06]} Qc7 {[%emt 0:03:48]} 38. Be6 {[%emt 0:01:06]} Nxe4 {[%emt 0:03:45]} 39. Qg6 {[%emt 0:01:16]} Nf6 {[%emt 0:00:02]} 40. e4 {[%emt 0:01:40]} Qe7 {[%emt 0:01:05]} 41. Bf5 {[%emt 0:10:28]} Rd8 {[%emt 0:06:35]} 42. Qg3 {[%emt 0:04:28]} Rd6 {[%emt 0:02:17]} 43. Qg6 {[%emt 0:01:47]} Rd3 {[%emt 0:00:19]} 44. Kh1 {[%emt 0:03:28]} Rd6 {[%emt 0:04:38]} 45. Kh2 {[%emt 0:00:37]} Kg8 {[%emt 0:00:54]} 46. Kh1 {[%emt 0:03:53]} Kf8 {[%emt 0:00:49]} 47. Rf2 {[%emt 0:00:30]} Rd3 {[%emt 0:04:25]} 48. Bg4 {[%emt 0:03:51]} Kg8 {[%emt 0:12:41]} 49. Be2 {[%emt 0:00:12]} Rxh3+ {[%emt 0:01:24]} 50. Kg2 {[%emt 0:00:05]} Rh4 {[%emt 0:00:43]} 51. Bc4+ {[%emt 0:00:24]} Kf8 {[%emt 0:00:01]} 52. Qh7 {[%emt 0:00:11]} Ke8 {[%emt 0:00:39]} 53. Qf5 {[%emt 0:02:46]} Kd8 {[%emt 0:00:01]} 54. Re2 {[%emt 0:01:56]} Rg4+ {[%emt 0:01:07]} 55. Kh2 {[%emt 0:00:25]} Rf4 {[%emt 0:00:26]} 56. Qg6 {[%emt 0:00:03]} Rh4+ {[%emt 0:00:17]} 0-1

[Event "FRA-chT Top 12 2019"]
[Site "Brest"]
[Date "2019.05.25"]
[Round "8.4"]
[White "Istratescu, Andrei"]
[Black "Leconte, Maria"]
[Result "1/2-1/2"]
[WhiteElo "2555"]
[BlackElo "2246"]
[Annotator "ChessBase"]
[PlyCount "123"]
[EventDate "2019.05.18"]
[EventType "team-tourn"]
[EventCountry "FRA"]
[SourceTitle "playchess.com"]
[Source "ChessBase"]
[SourceQuality "1"]
[TimeControl "40/5400+30:1800+30"]

1. d4 {[%emt 0:00:00]} d5 {[%emt 0:00:00]} 2. c4 {[%emt 0:00:15]} e6 {[%emt 0:00:00]} 3. Nf3 {[%emt 0:01:56]} c5 {[%emt 0:00:00]} 4. cxd5 {[%emt 0:05:26]} exd5 {[%emt 0:00:00]} 5. Bg5 {[%emt 0:00:04]} Be7 {[%emt 0:04:49]} 6. Bxe7 {[%emt 0:03:09]} Nxe7 {[%emt 0:00:18]} 7. dxc5 {[%emt 0:01:58]} Qa5+ {[%emt 0:04:51]} 8. Qd2 {[%emt 0:14:45]} Qxc5 {[%emt 0:02:24]} 9. Qc3 {[%emt 0:00:12]} Na6 {[%emt 0:02:47]} 10. e3 {[%emt 0:01:52]} Qxc3+ {[%emt 0:21:34]} 11. Nxc3 {[%emt 0:00:46]} Nc7 {[%emt 0:03:43]} 12. Rc1 {[%emt 0:03:03]} Bd7 {[%emt 0:04:41]} 13. Kd2 {[%emt 0:11:00]} O-O {[%emt 0:04:11]} 14. Bd3 {[%emt 0:03:23]} Ne6 {[%emt 0:05:13]} 15. Ne2 {[%emt 0:04:45]} Nc6 {[%emt 0:03:41]} 16. Bb5 {[%emt 0:03:27]} Nb8 {[%emt 0:03:18]} 17. Ned4 {[%emt 0:04:22]} Bxb5 {[%emt 0:04:21]} 18. Nxb5 {[%emt 0:00:03]} Nc6 {[%emt 0:00:18]} 19. Rc3 {[%emt 0:01:51]} Rfd8 {[%emt 0:09:10]} 20. Nbd4 {[%emt 0:08:18]} Nexd4 {[%emt 0:01:14]} 21. Nxd4 {[%emt 0:03:50]} Nxd4 {[%emt 0:00:13]} 22. exd4 {[%emt 0:00:04]} Rd7 {[%emt 0:00:03]} 23. Re1 {[%emt 0:00:04]} Kf8 {[%emt 0:00:52]} 24. Re5 {[%emt 0:01:10]} f6 {[%emt 0:06:51]} 25. Rh5 {[%emt 0:01:06]} h6 {[%emt 0:03:52]} 26. Rc5 {[%emt 0:04:48]} Rad8 {[%emt 0:00:06]} 27. Rh3 {[%emt 0:05:00]} Re8 {[%emt 0:03:05]} 28. Re3 {[%emt 0:01:25]} Rxe3 {[%emt 0:01:15]} 29. Kxe3 {[%emt 0:00:43]} Kf7 {[%emt 0:00:19]} 30. h4 {[%emt 0:01:33]} Ke6 {[%emt 0:01:09]} 31. f3 {[%emt 0:02:03]} h5 {[%emt 0:04:59]} 32. Kf4 {[%emt 0:00:48]} g5+ {[%emt 0:04:56]} 33. Kg3 {[%emt 0:01:41]} Rg7 {[%emt 0:00:29]} 34. hxg5 {[%emt 0:00:31]} fxg5 {[%emt 0:00:23]} 35. Rc8 {[%emt 0:01:20]} Rf7 {[%emt 0:01:14]} 36. Re8+ {[%emt 0:01:51]} Re7 {[%emt 0:00:17]} 37. Rh8 {[%emt 0:01:24]} Kf5 {[%emt 0:01:02]} 38. Rxh5 {[%emt 0:03:46]} Re2 {[%emt 0:00:06]} 39. b3 {[%emt 0:00:28]} Rxa2 {[%emt 0:00:46]} 40. Rh7 {[%emt 0:00:27]} Rd2 {[%emt 0:00:35]} 41. Rf7+ {[%emt 0:31:50]} Kg6 {[%emt 0:06:07]} 42. Rxb7 {[%emt 0:00:00]} Rxd4 {[%emt 0:00:21]} 43. Rxa7 {[%emt 0:00:00]} Rb4 {[%emt 0:02:41]} 44. Ra3 {[%emt 0:00:00]} Kf5 {[%emt 0:01:32]} 45. Kf2 {[%emt 0:00:00]} d4 {[%emt 0:06:01]} 46. Ke2 {[%emt 0:00:00]} Kf4 {[%emt 0:01:01]} 47. Kf2 {[%emt 0:00:00]} Rb5 {[%emt 0:07:43]} 48. g3+ {[%emt 0:00:00]} Kf5 {[%emt 0:00:42]} 49. g4+ {[%emt 0:00:00]} Ke5 {[%emt 0:03:20]} 50. Ke2 {[%emt 0:00:00]} Kf4 {[%emt 0:00:06]} 51. Kd3 {[%emt 0:00:00]} Kxf3 {[%emt 0:02:37]} 52. Kxd4 {[%emt 0:00:00]} Kxg4 {[%emt 0:00:06]} 53. Kc4 {[%emt 0:00:00]} Rb8 {[%emt 0:00:22]} 54. b4 {[%emt 0:00:00]} Kf4 {[%emt 0:00:07]} 55. b5 {[%emt 0:00:00]} g4 {[%emt 0:00:14]} 56. Kc5 {[%emt 0:00:00]} g3 {[%emt 0:00:12]} 57. Ra1 {[%emt 0:00:00]} g2 {[%emt 0:00:33]} 58. Rg1 {[%emt 0:00:00]} Kf3 {[%emt 0:00:05]} 59. b6 {[%emt 0:00:00]} Kf2 {[%emt 0:00:07]} 60. Rxg2+ {[%emt 0:00:00]} Kxg2 {[%emt 0:00:05]} 61. Kc6 {[%emt 0:00:00]} Rxb6+ {[%emt 0:00:12]} 62. Kxb6 {[%emt 0:00:00]} 1/2-1/2

[Event "FRA-chT Top 12 2019"]
[Site "Brest"]
[Date "2019.05.25"]
[Round "8.4"]
[White "Santos Ruiz, Miguel"]
[Black "Vallin, Guillaume"]
[Result "1-0"]
[WhiteElo "2549"]
[BlackElo "2389"]
[Annotator "ChessBase"]
[PlyCount "123"]
[EventDate "2019.05.18"]
[EventType "team-tourn"]
[EventCountry "FRA"]
[SourceTitle "playchess.com"]
[Source "ChessBase"]
[SourceQuality "1"]
[TimeControl "40/5400+30:1800+30"]

1. Nf3 {[%emt 0:00:00]} e6 {[%emt 0:00:28]} 2. c4 {[%emt 0:00:00]} Nf6 {[%emt 0:00:54]} 3. Nc3 {[%emt 0:00:00]} d5 {[%emt 0:00:43]} 4. e3 {[%emt 0:00:10]} Be7 {[%emt 0:00:53]} 5. b3 {[%emt 0:00:09]} O-O {[%emt 0:02:59]} 6. Bb2 {[%emt 0:00:59]} b6 {[%emt 0:02:22]} 7. cxd5 {[%emt 0:01:54]} exd5 {[%emt 0:00:44]} 8. d4 {[%emt 0:00:15]} Bb7 {[%emt 0:03:49]} 9. Bd3 {[%emt 0:01:50]} Nbd7 {[%emt 0:02:04]} 10. O-O {[%emt 0:01:32]} Ne4 {[%emt 0:34:06]} 11. Rc1 {[%emt 0:20:02]} Nxc3 {[%emt 0:09:57]} 12. Rxc3 {[%emt 0:00:17]} Bd6 {[%emt 0:03:20]} 13. Qc1 {[%emt 0:06:44]} Rc8 {[%emt 0:14:13]} 14. Ba3 {[%emt 0:01:34]} Qe7 {[%emt 0:01:15]} 15. Bxd6 {[%emt 0:02:27]} Qxd6 {[%emt 0:00:09]} 16. Bf5 {[%emt 0:22:40]} g6 {[%emt 0:00:40]} 17. Bxd7 {[%emt 0:01:49]} Qxd7 {[%emt 0:00:02]} 18. Ne5 {[%emt 0:00:15]} Qd6 {[%emt 0:01:14]} 19. Nc6 {[%emt 0:00:08]} a6 {[%emt 0:03:33]} 20. Qc2 {[%emt 0:03:46]} Rfe8 {[%emt 0:01:24]} 21. Rc1 {[%emt 0:01:55]} Kg7 {[%emt 0:04:42]} 22. b4 {[%emt 0:08:40]} Bxc6 {[%emt 0:03:45]} 23. Rxc6 {[%emt 0:00:10]} Qxb4 {[%emt 0:00:01]} 24. Rxc7 {[%emt 0:00:10]} Rxc7 {[%emt 0:01:36]} 25. Qxc7 {[%emt 0:00:04]} Qd2 {[%emt 0:02:09]} 26. Qc2 {[%emt 0:05:38]} Qxc2 {[%emt 0:00:28]} 27. Rxc2 {[%emt 0:00:03]} Re6 {[%emt 0:00:58]} 28. Kf1 {[%emt 0:00:34]} Kf6 {[%emt 0:01:59]} 29. Ke2 {[%emt 0:00:27]} Rd6 {[%emt 0:00:32]} 30. Rc7 {[%emt 0:03:46]} Ke6 {[%emt 0:00:09]} 31. Ra7 {[%emt 0:00:24]} b5 {[%emt 0:00:31]} 32. Kd3 {[%emt 0:00:23]} Rc6 {[%emt 0:01:14]} 33. a3 {[%emt 0:00:54]} h5 {[%emt 0:00:10]} 34. f3 {[%emt 0:00:26]} f6 {[%emt 0:03:10]} 35. h4 {[%emt 0:01:16]} f5 {[%emt 0:00:30]} 36. e4 {[%emt 0:00:42]} fxe4+ {[%emt 0:00:07]} 37. fxe4 {[%emt 0:00:03]} dxe4+ {[%emt 0:00:35]} 38. Kxe4 {[%emt 0:00:04]} Rb6 {[%emt 0:00:30]} 39. g3 {[%emt 0:13:17]} Kf6 {[%emt 0:00:34]} 40. Kd5 {[%emt 0:00:21]} Kf5 {[%emt 0:00:50]} 41. Kc5 {[%emt 0:12:19]} Re6 {[%emt 0:08:35]} 42. d5 {[%emt 0:05:08]} Re3 {[%emt 0:00:46]} 43. Rf7+ {[%emt 0:04:18]} Kg4 {[%emt 0:00:13]} 44. Rf4+ {[%emt 0:00:28]} Kxg3 {[%emt 0:00:11]} 45. Rd4 {[%emt 0:00:04]} Rxa3 {[%emt 0:06:47]} 46. d6 {[%emt 0:00:06]} Rf3 {[%emt 0:13:00]} 47. d7 {[%emt 0:00:51]} Rf8 {[%emt 0:00:02]} 48. d8=Q {[%emt 0:01:45]} Rxd8 {[%emt 0:00:03]} 49. Rxd8 {[%emt 0:00:03]} Kxh4 {[%emt 0:00:04]} 50. Kd4 {[%emt 0:00:35]} g5 {[%emt 0:04:17]} 51. Ke3 {[%emt 0:00:33]} Kg3 {[%emt 0:01:20]} 52. Rd5 {[%emt 0:02:06]} Kg4 {[%emt 0:00:22]} 53. Re5 {[%emt 0:03:33]} h4 {[%emt 0:00:17]} 54. Kf2 {[%emt 0:00:03]} Kf4 {[%emt 0:00:16]} 55. Re6 {[%emt 0:00:03]} a5 {[%emt 0:00:56]} 56. Ra6 {[%emt 0:00:22]} g4 {[%emt 0:00:47]} 57. Rxa5 {[%emt 0:00:10]} g3+ {[%emt 0:00:06]} 58. Kg2 {[%emt 0:00:06]} Kg4 {[%emt 0:00:06]} 59. Rxb5 {[%emt 0:00:09]} h3+ {[%emt 0:00:02]} 60. Kg1 {[%emt 0:00:09]} Kf3 {[%emt 0:00:14]} 61. Rf5+ {[%emt 0:00:04]} Kg4 {[%emt 0:00:16]} 62. Rf8 {[%emt 0:00:03]} 1-0

[Event "FRA-chT Top 12 2019"]
[Site "Brest"]
[Date "2019.05.25"]
[Round "8.4"]
[White "Delorme, Axel"]
[Black "Fressinet, Laurent"]
[Result "1/2-1/2"]
[WhiteElo "2489"]
[BlackElo "2640"]
[Annotator "TA"]
[PlyCount "82"]
[EventDate "2019.05.18"]
[EventType "team-tourn"]
[EventCountry "FRA"]
[SourceTitle "playchess.com"]
[Source "ChessBase"]
[SourceQuality "1"]

{[%evp 12,82,17,10,14,16,26,0,-10,0,12,20,8,12,24,11,33,0,0,0,1,-19,-12,-15,-14,-20,-21,-43,-40,-102,-43,-36,-28,-42,0,-43,0,-31,0,0,0,0,61,0,0,0,0,0,10,10,14,7,7,7,8,16,23,22,25,18,24,14,19,-8,-7,-7,0,0,0,0,0,0,0]} 1. e4 c5 2. Nf3 d6 3. Bb5+ Nd7 4. c3 Ngf6 5. Qe2 a6 6. Ba4 b5 7. Bc2 Bb7 {B51: Sicilian: Moscow Variation (3 Bb5+) without 3...Bd7} 8. d4 g6 9. e5 (9. O-O Bg7 10. e5 dxe5 11. dxe5 Bxf3 12. gxf3 Nd5 13. e6 N7f6 14. c4 bxc4 15. exf7+ Kxf7 {0-1 (31) Mamedov,R (2701)-Nepomniachtchi,I (2771) Astana 2019}) 9... Bxf3 10. gxf3 dxe5 11. dxe5 Nh5 $146 ({Predecessor:} 11... Nd5 12. e6 fxe6 13. Qxe6 N5f6 14. Be3 Qc7 15. a4 {1-0 (30) Ramirez Alvarez,A (2555)-Doknjas,J (2123) Reykjavik 2017}) 12. e6 fxe6 13. Qxe6 {[#] Intending Bxg6+! and mate.} Bg7 14. a4 {Black should prevent Be4.} Rb8 15. axb5 Rb6 $132 {[%mdl 2048] Black is not keeping still} 16. Qa2 axb5 17. Be3 e6 18. Qa8 Rb8 19. Qc6 O-O 20. Nd2 (20. Qxe6+ $15 Kh8 21. Ra7) 20... Rb6 (20... Ne5 $17 21. Qxe6+ Kh8) 21. Qe4 $15 Nhf6 22. Qh4 $1 Rd6 {White must now prevent ...Ne5.} 23. Ke2 Rd5 24. Ne4 Rh5 25. Qg3 Nd5 26. Qd6 Qe8 ({Black should try} 26... N7f6 $11) 27. Ra6 (27. Ra7 $14 Nxe3 28. fxe3) 27... Ne5 $11 28. Qxe6+ Qxe6 29. Rxe6 Nxe3 30. fxe3 Nxf3 31. Rc6 c4 32. Rc5 Rxc5 33. Nxc5 Ne5 34. Be4 Rc8 35. Bd5+ Kh8 36. Ne6 Nd3 {The position is equal.} 37. b3 Bxc3 38. bxc4 Nb4 39. Rf1 bxc4 {[#]} 40. Bxc4 $1 {[%mdl 512]} Be5 (40... Rxc4 41. Rf8#) 41. h3 Bd6 {Accuracy: White = 49%, Black = 62%.} 1/2-1/2